[Event "Nova Petropolis Gaucho op"]
[Site "Nova Petropolis"]
[Date "2015.03.14"]
[Round "4"]
[White "Mazzochi, Mauro"]
[Black "Da Silva Neto, Armando Jr"]
[Result "1/2-1/2"]
[WhiteElo "1785"]
[BlackElo "1800"]
[PlyCount "60"]
[EventDate "2015.03.13"]
[EventType "swiss"]
[EventRounds "7"]
[EventCountry "BRA"]
[SourceTitle "CBM 165 Extra"]
[Source "ChessBase"]
[SourceDate "2015.04.21"]
[SourceVersion "1"]
[SourceVersionDate "2015.04.21"]
[SourceQuality "1"]

1. d4 Nf6 2. c4 e6 3. Nc3 c5 4. d5 exd5 5. cxd5 d6 6. g3 g6 7. Bg2 Bg7 8. Nf3 a6 9. a4 0-0 10. 0-0 Re8 11. Re1 Bg4 12. e4 Nbd7 13. h3 Bxf3 14. Bxf3 Rb8 15. Bg2 b5 16. axb5 axb5 17. Bf1 b4 18. Nb5 Nxe4 19. Qc2 f5 20. Ra6 Rb6 21. Ra7 Ne5 22. Kg2 Qb8 23. Qa4 Rc8 24. Nc7 Rb7 25. Rxb7 Qxb7 26. Ne6 Qxd5 27. Nf4 Qb7 28. Ba6 Ra8 29. Bxb7 Rxa4 30. Bxe4 fxe4 1/2-1/2

[Event "Nova Petropolis Gaucho op"]
[Site "Nova Petropolis"]
[Date "2015.03.14"]
[Round "3"]
[White "Paiva, Paulo Ricardo Gonca"]
[Black "Mazzochi, Mauro"]
[Result "0-1"]
[WhiteElo "1513"]
[BlackElo "1785"]
[PlyCount "34"]
[EventDate "2015.03.13"]
[EventType "swiss"]
[EventRounds "7"]
[EventCountry "BRA"]
[SourceTitle "CBM 165 Extra"]
[Source "ChessBase"]
[SourceDate "2015.04.21"]
[SourceVersion "1"]
[SourceVersionDate "2015.04.21"]
[SourceQuality "1"]

1. e4 c5 2. Nf3 d6 3. d4 cxd4 4. Nxd4 Nf6 5. Nc3 a6 6. Bd3 g6 7. Bg5 Bg7 8. Qd2 Qb6 9. 0-0-0 Qxd4 10. Bb5+ axb5 11. Qxd4 Nc6 12. Qd3 b4 13. Nb5 0-0 14. Kb1 Be6 15. b3 Ng4 16. Qf1 Rxa2 17. Kc1 Bc3 0-1